| 000 | 01201nam a2200313 a 4500 | ||
|---|---|---|---|
| 001 | 000039156 | ||
| 003 | DO-SdBNP | ||
| 005 | 20250320095506.0 | ||
| 008 | 110201s2012 dr a 001 0 spa d | ||
| 020 | _a9789945165272 | ||
| 040 |
_aDO-SdBNP _bspa _cBNPHU |
||
| 082 |
_a923.27293 _bR696n, 2012 |
||
| 100 | 1 |
_aRodríguez del Prado, Cayetano, _d1941- _950427 |
|
| 245 | 1 | 0 |
_aNotas autobiográficas : _brecuerdos de la legión olvidada / _cCayetano Rodríguez del Prado ; prólogo César Mella Mejías. |
| 250 | _a3a ed. | ||
| 260 |
_aSanto Domingo : _bBúho, _c2012. |
||
| 300 |
_a339 p. : _bil., retrs. ; _c22 cm. |
||
| 500 | _aIncluye índice onomástico | ||
| 586 | _aPremio Nacional de Historia 2008 | ||
| 610 | 1 | 4 |
_aMOVIMIENTO POPULAR DOMINICANO _xHISTORIA _99421 |
| 650 | 4 |
_aRodríguez del prado, cayetano a., _d1941- _99419 |
|
| 650 | 4 |
_aRepública dominicana _xHistoria _y1961- _99420 |
|
| 650 | 0 |
_aMovimientos sociales _zRepública Dominicana _923226 _2LEMB |
|
| 651 | 4 |
_aCuba _xHistoria _9493 |
|
| 651 | 4 |
_aRepública Dominicana _xHistoria _yREVOLUCIÓN 1965 _92167 |
|
| 700 | 1 | 2 |
_aMella Mejías, César _d1950- _epról. _9210 |
| 910 | _aValidado. Control de calidad MFF | ||
| 942 |
_2ddc _cLBS1 |
||
| 999 |
_c38646 _d38646 |
||